00541nam a2200217Ia 450000500170000000800460001702000180006303700100008104000080009104000080009904000080010704100080011504100080012308400080013110000110013924500660015026000310021626000090024765000220025685600450027820260306153954.0008 260114s9999 xx 000 0 eng d a9780511761515 aEBOOK aCRL beng cCRL 2eng aeng qCRL aMondak 0aPersonality and the Foundations of Political Behavior 1st ed bCambridge University Press c2012 aPolitical Science uhttps://doi.org/10.1017/CBO9780511761515